Business Statistics (Record no. 11005)

MARC details
000 -LEADER
fixed length control field 00388nam a2200169Ia 4500
003 - CONTROL NUMBER IDENTIFIER
control field OSt
008 - FIXED-LENGTH DATA ELEMENTS--GENERAL INFORMATION
fixed length control field 191201s2012 xx 000 0 und d
020 ## - INTERNATIONAL STANDARD BOOK NUMBER
International Standard Book Number 9789353387273
082 ## - DEWEY DECIMAL CLASSIFICATION NUMBER
Classification number 658.083
Item number SHB
100 ## - MAIN ENTRY--PERSONAL NAME
Personal name Sharma, J K
245 #0 - TITLE STATEMENT
Title Business Statistics
250 ## - EDITION STATEMENT
Edition statement 5th Rep
260 ## - PUBLICATION, DISTRIBUTION, ETC. (IMPRINT)
Place of publication, distribution, etc New Delhi
Name of publisher, distributor, etc Vikas Pub. House
Date of publication, distribution, etc 2021
300 ## - PHYSICAL DESCRIPTION
Extent 759
650 ## - SUBJECT ADDED ENTRY--TOPICAL TERM
Topical term or geographic name as entry element MBA
942 ## - ADDED ENTRY ELEMENTS (KOHA)
Source of classification or shelving scheme Dewey Decimal Classification
Koha item type Text Books
942 ## - ADDED ENTRY ELEMENTS (KOHA)
-- 3
Holdings
Withdrawn status Lost status Source of classification or shelving scheme Damaged status Not for loan Collection code Home library Current library Date acquired Source of acquisition Currency Cost, normal purchase price Bill Number Total Checkouts Full call number Acc. no. / Barcode Date last seen Date last borrowed Actual Cost, discounted price Bill Date Koha item type
    Dewey Decimal Classification     BBA PIET C-LIBRARY PIET C-LIBRARY 18/09/2021 Kirti Prakashan IN Rupees 675.00 IN2524 2 658.083 SHB 33292 30/04/2026 16/04/2026 452.25 18/09/2021 Text Books
    Dewey Decimal Classification     BBA PIET C-LIBRARY PIET C-LIBRARY 18/09/2021 Kirti Prakashan IN Rupees 675.00 IN2524 1 658.083 SHB 33293 26/09/2023 12/09/2023 452.25 18/09/2021 Text Books
    Dewey Decimal Classification     BBA PIET C-LIBRARY PIET C-LIBRARY 18/09/2021 Kirti Prakashan IN Rupees 675.00 IN2524 3 658.083 SHB 33294 06/06/2024 03/06/2024 452.25 18/09/2021 Text Books
    Dewey Decimal Classification     BBA PIET C-LIBRARY PIET C-LIBRARY 18/09/2021 Kirti Prakashan IN Rupees 675.00 IN2524 4 658.083 SHB 33295 08/02/2025 13/01/2024 452.25 18/09/2021 Text Books
    Dewey Decimal Classification     BBA PIET C-LIBRARY PIET C-LIBRARY 18/09/2021 Kirti Prakashan IN Rupees 675.00 IN2524 2 658.083 SHB 33296 03/05/2024 10/01/2024 452.25 18/09/2021 Text Books
    Dewey Decimal Classification     BBA PIET C-LIBRARY PIET C-LIBRARY 18/09/2021 Kirti Prakashan IN Rupees 675.00 IN2524 1 658.083 SHB 33297 09/12/2021 10/11/2021 452.25 18/09/2021 Text Books
    Dewey Decimal Classification     BBA PIET C-LIBRARY PIET C-LIBRARY 18/09/2021 Kirti Prakashan IN Rupees 675.00 IN2524 1 658.083 SHB 33298 25/09/2023 13/09/2023 452.25 18/09/2021 Text Books
    Dewey Decimal Classification     BBA PIET C-LIBRARY PIET C-LIBRARY 18/09/2021 Kirti Prakashan IN Rupees 675.00 IN2524   658.083 SHB 33299 01/10/2021   452.25 18/09/2021 Text Books

Design & Developed by: PIET Central Library
R70 Miles Stone Pattikalyana Samalkha Panipat 132102
mail ID :- [email protected], Phone No:- 0180-2569700 Ex.216